| 000 | 00956am a2200325a 44500 | ||
|---|---|---|---|
| 003 | AR-BaBNM | ||
| 005 | 20251128211134.0 | ||
| 008 | 122120s1983 #AR|||||||||||000 | esp|| | ||
| 020 | _a950-582-081-X | ||
| 040 | _cAR-BaBNM | ||
| 100 | 1 | _aAnder-Egg, Ezequiel | |
| 245 | 1 | 0 | _aHacia una pedagogía autogestionaria |
| 260 |
_aBuenos Aires _bHumanitas _c1983 |
||
| 300 | _a126 p. | ||
| 490 | 0 |
_aEducación hoy y mañana _vv. 14 |
|
| 504 | _aContiene referencias bibliográficas al final de cada capítulo | ||
| 650 | 4 | _aPEDAGOGIA | |
| 650 | 4 | _aAUTOGESTION | |
| 650 | 4 | _aSOCIOLOGIA DE LA EDUCACION | |
| 650 | 4 | _aREFORMA DE LA EDUCACION | |
| 650 | 4 | _aPROGRAMAS UNIVERSITARIOS | |
| 650 | 4 | _aPOLITICA EDUCATIVA | |
| 650 | 4 | _aENSEÑANZA UNIVERSITARIA | |
| 651 | 4 | _aAmérica Latina | |
| 653 | _aPOLITICAS UNIVERSITARIAS | ||
| 653 | _aEDUCACION SUPERIOR | ||
| 800 | 1 |
_aSierra de Villaverde, Sela _edirector |
|
| 942 | _cBK | ||
| 998 | _craquel | ||
| 999 |
_c18407 _d18407 |
||